| 000 | 00905cam a2200301 a 4500 | ||
|---|---|---|---|
| 999 |
_c18656 _d18656 |
||
| 001 | 12462884 | ||
| 003 | BDDh-ASL | ||
| 005 | 20231015025723.0 | ||
| 008 | 010124s2000 bg b 001 0 eng | ||
| 010 | _a 00440260 | ||
| 020 | _a9840515578 | ||
| 025 | _aB-E-00-440260; 04 | ||
| 035 | _a(DLC) 00440260 | ||
| 037 |
_bLibrary of Congress -- New Delhi Field Office _cTK220.00 |
||
| 040 |
_aDLC _cDLC _dBDDh-ASL |
||
| 042 | _alcode | ||
| 050 | 0 | 0 |
_aBP161.2 _b.R32 2000 |
| 082 |
_a297.01 _bRAJ |
||
| 100 | 1 | _aRabbani, Mohammad Gholam. | |
| 245 | 1 | 0 |
_aJourney within Islam / _cMohammad Gholam Rabbani. |
| 260 |
_aDhaka : _bThe University Press, _c2000. |
||
| 300 |
_ax, 128 p. ; _c22 cm. |
||
| 504 | _aIncludes bibliographical references (p. [113]-124) and indexes. | ||
| 650 | 0 | _aIslam. | |
| 906 |
_a7 _bcbc _corigode _d3 _encip _f20 _gy-gencatlg |
||
| 942 |
_2ddc _cBK |
||